000 00545nam a2200181Ia 4500
005 20250508154055.0
008 008 250505s9999 xx 000 0 eng d
037 _aTextual
040 _aFEDL
_beng
_cFEDL
041 _aeng
_2eng
084 _a632.7, MAR
_qFEDL
100 _aMartin Richard A
_9764994
245 0 _aButterflies and moths : A study of the largest and most beautiful of the insects
260 _aNew York, USA
_bGolden Press
_c1958
300 _a54p.
942 _cTEXL
_h632.7, MAR
999 _c1347454
_d1347454